| 000 | | | 04629nmc2a22003133x 450 |
| 001 | | | 45b657d5-f00b-434f-b8a6-1b77a3c532b1 |
| 005 | | | 20260131224559.0 |
| 100 | ## | $a | 20251127l19351936k y0rusy50 ca |
| 101 | 0# | $a | rus |
| | $a | uzb |
| 102 | ## | $a | RU |
| 105 | ## | $a | c z ||||| |
| 122 | 2# | $a | d19351010 |
| | $a | d19360228 |
| 200 | 1# | $a | Поздравительная телеграмма, в связи с 10-летием газеты "Кзыл Юлдуз" |
| | $j | 10.10.1935 - 28.02.1936 |
| 215 | ## | $a | 3 листа |
| | $c | портр. |
| | $d | 36,4 х 24 |
| 251 | ## | $c | Дело |
| 300 | ## | $a | Часть текста машинописная, часть - напечатана типографским способом с рукописными пометками |
| 300 | ## | $a | Часть текста на узбекском языке |
| 300 | ## | $a | В деле имеются телеграммы |
| 330 | ## | $a | Входит в раздел описи: Совет Национальностей |
| 461 | #0 | $1 | 001796d4672-8a00-4986-b488-6e42273792cc |
| | $1 | 2001 |
| | $a | ЦЕНТРАЛЬНЫЙ ИСПОЛНИТЕЛЬНЫЙ КОМИТЕТ СССР (ЦИК СССР). |
| | $1 | 251 |
| | $c | Фонд |
| | $1 | 852 |
| | $g | Р |
| | $j | 3316 |
| 462 | #0 | $1 | 001b2b03070-aa26-4135-b154-6f52ec7c8bcd |
| | $1 | 2001 |
| | $a | Дела Секретариата Президиума ЦИК Союза ССР за 1935 год |
| | $v | Д. 856 |
| | $1 | 251 |
| | $c | Опись |
| | $1 | 852 |
| | $j | 28 |
| 601 | 02 | $a | "Кзыл Юлдуз", газета |
| 605 | ## | $3 | DITM\AF\0000002775 |
| | $a | Власть |
| | $l | коллекция |
| | $2 | acquisition_prlib |
| 610 | 1# | $a | Поздравительная телеграмма |
| | $a | Кзыл Юлдуз |
| | $a | Газета |
| 686 | ## | $a | 67.401.011.12ю1 |
| | $c | Право |
| | $2 | rubbk |
| 686 | ## | $a | 63.3(2)614-332ю1 |
| | $c | История |
| | $2 | rubbk |
| 801 | #0 | $a | RU |
| | $b | GA_RF |
| 801 | #1 | $a | RU |
| | $b | ГлавНИВЦ |
| | $c | 20251127 |
| | $2 | rusmarc |
| 801 | #2 | $a | RU |
| | $b | ПБ им. Б.Н. Ельцина |
| | $c | 20260131 |
| | $g | RCR |
| | $2 | rusmarc |
| 852 | ## | $a | ГА РФ |
| | $j | 856 |
| 937 | ## | $d | 200308738 |
| | $h | ГАРФ |
| 035 | ## | $a | RuPRLIB51082424 |
| 856 | ## | $u | http://readingroom.main.prlib.ru/item.aspx?id_node=n200308738&mode=full |